MARC details
| 000 -LEADER |
| campo de control de longitud fija |
02998nam a2200457 i 4500 |
| 001 - NÚMERO DE CONTROL |
| campo de control |
193322 |
| 003 - IDENTIFICADOR DE NÚMERO DE CONTROL |
| campo de control |
SpMaBN |
| 005 - FECHA Y HORA DE LA ÚLTIMA TRANSACCIÓN |
| campo de control |
20250712063138.0 |
| 007 - CAMPO FIJO DE DESCRIPCIÓN FÍSICA--INFORMACIÓN GENERAL |
| campo de control de longitud fija |
ta |
| 008 - DATOS DE LONGITUD FIJA--INFORMACIÓN GENERAL |
| campo de control de longitud fija |
231102s2004 sp | ||| ||spa |
| 016 7# - NÚMERO DE CONTROL DE UNA AGENCIA BIBLIOGRÁFICA NACIONAL |
| Número de control del registro |
bimoBNE20040983549 |
| Fuente |
SpMaBN |
| 017 ## - NÚMERO DE COPYRIGHT O DE DEPÓSITO LEGAL |
| Número de copyright o de depósito legal |
B 25829-2004 |
| Agencia que asigna |
Oficina Depósito Legal Barcelona |
| 020 ## - NÚMERO INTERNACIONAL ESTÁNDAR DEL LIBRO |
| Número Internacional Estándar del Libro |
8425338883 |
| 035 ## - NÚMERO DE CONTROL DEL SISTEMA |
| Número de control de sistema |
(OCoLC)433139349 |
| 035 ## - NÚMERO DE CONTROL DEL SISTEMA |
| Número de control de sistema |
bimo0001980654 |
| 040 ## - FUENTE DE CATALOGACIÓN |
| Centro catalogador/agencia de origen |
SpMaBN |
| Lengua de catalogación |
spa |
| Centro/agencia transcriptor |
SpMaBN |
| Normas de descripción |
rdc |
| Centro/agencia modificador |
ES-MaACL |
| 080 ## - NÚMERO DE LA CLASIFICACIÓN DECIMAL UNIVERSAL |
| Número de la Clasificación Decimal Universal |
821.111-31"19" |
| 100 1# - ENTRADA PRINCIPAL--NOMBRE DE PERSONA |
| Nombre de persona |
Harris, Robert, |
| Fechas asociadas al nombre |
1957- |
| Número de control del registro de autoridad o número normalizado |
XX1169186 |
| 9 (RLIN) |
234469 |
| Término indicativo de función/relación |
Autor |
| 245 10 - MENCIÓN DEL TÍTULO |
| Título |
Pompeya / |
| Mención de responsabilidad, etc. |
Robert Harris ; traducción de Fernando Garí Puig. |
| 250 ## - MENCION DE EDICION |
| Mención de edición |
Primera edición: septiembre, 2004 |
| 260 ## - PUBLICACIÓN, DISTRIBUCIÓN, ETC. |
| Lugar de publicación, distribución, etc. |
[Barcelona] : |
| Nombre del editor, distribuidor, etc. |
Grijalbo, |
| Fecha de publicación, distribución, etc. |
2004 |
| 300 ## - DESCRIPCIÓN FÍSICA |
| Extensión |
313 páginas ; |
| Dimensiones |
24 cm |
| 336 ## - TIPO DE CONTENIDO |
| Fuente |
rdacontent |
| Término de tipo de contenido |
Texto |
| 337 ## - TIPO DE MEDIO |
| Fuente |
rdamedia |
| Nombre/término del tipo de medio |
sin mediación |
| 338 ## - TIPO DE SOPORTE |
| Fuente |
rdacarrier |
| Nombre/término del tipo de soporte |
volumen |
| 490 1# - MENCIÓN DE SERIE |
| Mención de serie |
Novela histórica |
| 500 ## - NOTA GENERAL |
| Nota general |
Índice |
| 520 ## - RESUMEN, ETC. |
| Sumario, etc. |
Un relato histórico y de intriga ambientado durante la trágica erupción del Vesubio.<br/><br/>Una sofocante semana a finales de agosto del año 79 d.C. ¿Qué mejor lugar para pasar los últimos días del verano que la bahía de Nápoles?<br/><br/>A lo largo de toda la costa, los ciudadanos más ricos del imperio se relajan en sus lujosas villas, la flota más poderosa del mundo descansa pacíficamente fondeada en Miseno y los visitantes gastan su dinero en las localidades de Herculano y Pompeya.<br/><br/>Solo un hombre parece preocupado. El ingeniero Marco Atilio Primo acaba de hacerse cargo del Aqua Augusta, el enorme acueducto que suministra agua potable al cuarto de millón de habitantes de las nueve ciudades de la bahía de Nápoles, y por primera vez desde hace generaciones, los manantiales se están secando. Su predecesor ha desaparecido y hay un problema en algún punto de los noventa kilómetros de la conducción rincipal, al norte de Pompeya. Justamente en las faldas del Vesubio.<br/><br/>Atilio responsable, respetable, práctico, incorruptible asegura a Plinio, comandante de la flota imperial y famoso erudito, que puede reparar el acueducto antes de que los depósitos de reserva se queden sin agua. Pero mientras se encamina hacia el Vesubio, se dispone a descubrir que hay fuerzas que ni el imperio más grande del mundo puede controlar... |
| 651 #7 - PUNTO DE ACCESO ADICIONAL DE MATERIA--NOMBRE GEOGRÁFICO |
| 9 (RLIN) |
173248 |
| Nombre geográfico |
Pompeya (Ciudad desaparecida)- |
| Subdivisión de forma |
Novelas |
| 655 #7 - TERMINO DE INDIZACIÓN--GENERO/FORMA |
| Datos o término principal de género/forma |
Novelas históricas |
| Fuente del término |
tgfbne |
| 9 (RLIN) |
226782 |
| 700 1# - ENTRADA AGREGADA--NOMBRE PERSONAL |
| 9 (RLIN) |
137487 |
| Nombre de persona |
Garí Puig, Fernando |
| Término indicativo de función/relación |
Traductor |
| 830 ## - PUNTO DE ACCESO ADICIONAL DE SERIE-TÍTULO UNIFORME |
| Título uniforme |
Grijalbo novela histórica |
| 9 (RLIN) |
230035 |
| 852 ## - LOCALIZACIÓN |
| Ubicación |
Es-MaACL |
| itemnumber |
200768 |
| Sublocalización o colección |
R.154804 |
| Ubicación en estantería |
Depósito J |
| Donativo/Legado |
Donación: José Lázaro García |
| Encuadernación |
Encuadernación cartoné con sobrecubiertas |
| Número de control de estantería |
N-9528 |
| 903 ## - NOMBRE PERSONAL DE DONANTE |
| 9 |
234219 |
| a |
Lázaro García, José |
| e |
Donante |
| 942 ## - ELEMENTOS DE ENTRADA SECUNDARIOS (KOHA) |
| Suprimir en OPAC |
No |
| Tipo de ítem Koha |
Libro impreso |